01400nam a2200265 u 450000100100000000500170001000800410002704000250006808200200009310000360011324501030014926000350025230000170028750000320030465000200033665000290035670000430038504900150042895201400044395201400058395201400072395201250086395201310098899900150111900000285420200929150254.0090704s19uu dr r 000 0 spa d aDO-SdBNPbspacBNPHU a174.9574bG633c1 aGómez Montero, Franklin9904910aCuaderno de prácticas de bioética /Franklin Gómez Montero ; Héctor Antonio Madera Rosario. aSanto Domingo :bBúho,c19?? a46p ;c23cm. aIncluye datos biográficos 4aBioética9236 4aCiencia de la vida990501 aMadera Rosario, Héctor Antonio99051 aEn proceso 001054708DSaGRbGRcCTd2009-07-04e001347iLF1l0o174.9574 G633cp2854-30r2020-06-25te. 3w2020-06-25yLFDSZPréstamo en sala 001054708DSaGRbGRcCTd2009-07-07e056769iLF1l0o174.9574 G633cp2854-40r2020-06-25te. 4w2020-06-25yLFDSZPréstamo en sala 001054708DSaGRbGRcCTd2009-07-07e056770iLF1l0o174.9574 G633cp2854-50r2020-06-25te. 5w2020-06-25yLFDSZPréstamo en sala 0010718PDaPDbPDcHDd2009-07-04e001345iLF1l0o174.9574 G633cp2854-10r2020-06-25w2020-06-25yLFPDZNo se presta 0010718PDaPDbPDcCTd2009-07-04e001346iLF1l0o174.9574 G633cp2854-20r2020-06-25te. 2w2020-06-25yLFPDZNo se presta c2688d2688